Ekonomičeskaja politika perechodnogo perioda v Pol'še.
Finančné opatrenia "šokovej terapie" v Poľsku. Prudký pokles výroby v r. 1990, ťažkosti s odbytom a pokles kúpyschopnosti obyvateľstva. Vplyv vnútornej konvertibility zlotého. Transformácia vlastníckej štruktúry. Zhoršovanie sociálno-ekonomickej situácie obyvateľstva. Deficit štátneho rozpočtu. Peňa...
Guardado en:
| Formato: | Capítulo de libro |
|---|---|
| Lenguaje: | ruso |
| Materias: | |
| Etiquetas: |
Sin Etiquetas, Sea el primero en etiquetar este registro!
|
MARC
| LEADER | 00000naa a2200000 4500 | ||
|---|---|---|---|
| 001 | r009674 | ||
| 005 | 20221213123728.7 | ||
| 041 | 0 | |a rus | |
| 044 | |a [SU] | ||
| 245 | 1 | 0 | |a Ekonomičeskaja politika perechodnogo perioda v Pol'še. |
| 520 | |a Finančné opatrenia "šokovej terapie" v Poľsku. Prudký pokles výroby v r. 1990, ťažkosti s odbytom a pokles kúpyschopnosti obyvateľstva. Vplyv vnútornej konvertibility zlotého. Transformácia vlastníckej štruktúry. Zhoršovanie sociálno-ekonomickej situácie obyvateľstva. Deficit štátneho rozpočtu. Peňažná politika. Skúsenosti s Balczerowiczovou reformou. Skúsenosti Poľska a formovanie vnútorného spotrebiteľského trhu. | ||
| 610 | 2 | 0 | |a politika hospodárska |
| 610 | 2 | 0 | |a nástroje finančné |
| 610 | 2 | 0 | |a Poľsko |
| 610 | 2 | 0 | |a 1990 |
| 610 | 2 | 0 | |a 1991 |
| 610 | 2 | 0 | |a konvertibilita |
| 610 | 2 | 0 | |a zlotý |
| 610 | 2 | 0 | |a transformácia |
| 610 | 2 | 0 | |a vlastníctvo |
| 610 | 2 | 0 | |a deficit |
| 610 | 2 | 0 | |a rozpočet štátny |
| 610 | 2 | 0 | |a reformy hospodárske |
| 610 | 2 | 0 | |a trh vnútorný |